000 00869nam a2200253Ia 4500
003 OSt
005 20221005112726.0
006 a|||||r|||| 00| 0
007 ta
008 221004b |||||||| |||| 00| 0 pan d
020 _a819788182991873 (hbk)
_c150
024 _a2503
037 _b700, 21/01/2013, Bright Book Service
_cTextual
040 _aCRL
_cCRL
_bpan
041 _2pan
_apan
082 _aO153,3NLDH,TR, Q0
100 _aਲੁਧਿਆਣਵੀ, ਸੇਖੋ੍ਵ
245 0 _aਤਰਾਟਾਂ
260 _aਦਿੱਲੀ
_bਆਰਸੀ ਪਬਲਿFਰਗ਼ ਭਾਰਤ
_c2010
300 _a128ਪੰ
_ccm.
650 _aਪੰਜਾਬੀ ਸਾਹਿਤ
942 _hO153,3NLDH,TR, Q0
_cTEXL
_2cc
999 _c1025786
_d1025786